Normal view MARC view

Entry Topical Term

Number of records used in: 1

001 - CONTROL NUMBER

  • control field: 25728

003 - CONTROL NUMBER IDENTIFIER

  • control field: OSt

005 - DATE AND TIME OF LATEST TRANSACTION

  • control field: 20210727114549.0

008 - FIXED-LENGTH DATA ELEMENTS

  • fixed length control field: 210727|| aca||aabn | a|a d

040 ## - CATALOGING SOURCE

  • Original cataloging agency: OSt
  • Transcribing agency: OSt

150 ## - HEADING--TOPICAL TERM

  • Topical term or geographic name entry element: Public debt, Public deficits, Balanced budget norms, Fiscal crisis

670 ## - SOURCE DATA FOUND

  • Source citation: Work cat.: (OSt): Douglas, James W. Raudla, Ringa 25727, What is the remedy for state and local fiscal squeeze during the covid-19 recession? More debt, and that is okay

Powered by Koha